Surviving disasters : making resilient communities through community radios (Record no. 554016)

000 -LEADER
fixed length control field 00417nam a22001457a 4500
082 ## - DEWEY DECIMAL CLASSIFICATION NUMBER
Classification number T-226
100 ## - MAIN ENTRY--PERSONAL NAME
Personal name Ashfaq naseem malik
9 (RLIN) 51286
245 ## - TITLE STATEMENT
Title Surviving disasters : making resilient communities through community radios
260 ## - PUBLICATION, DISTRIBUTION, ETC.
Place of publication, distribution, etc. Risalpur,
Name of publisher, distributor, etc. MCE,
Date of publication, distribution, etc. 2017.
300 ## - PHYSICAL DESCRIPTION
Extent 70p.
526 ## - STUDY PROGRAM INFORMATION NOTE
Program name 0
Interest level 0
Reading level 0
Title point value T_226
650 ## - SUBJECT ADDED ENTRY--TOPICAL TERM
Topical term or geographic name entry element Disaster Managment
9 (RLIN) 51287
700 ## - ADDED ENTRY--PERSONAL NAME
Personal name Dr Maqbool sadiq Awan
9 (RLIN) 51288
942 ## - ADDED ENTRY ELEMENTS (KOHA)
Source of classification or shelving scheme
Koha item type Book
Holdings
Withdrawn status Lost status Source of classification or shelving scheme Damaged status Not for loan Permanent Location Current Location Date acquired Total Checkouts Full call number Barcode Date last seen Price effective from Koha item type
          Military College of Engineering (MCE) Military College of Engineering (MCE) 01/02/2018   T-226 MCE-T-226 01/02/2018 01/02/2018 Book
© 2023 Central Library, National University of Sciences and Technology. All Rights Reserved.